| 000 | 00780cam a2200265u 4500 | ||
|---|---|---|---|
| 001 | 14873 | ||
| 003 | BD-RjUL | ||
| 005 | 20211208235717.0 | ||
| 008 | 140208s1948 enk 000 0 eng d | ||
| 035 | _a(BD-RjUL)14927 | ||
| 040 |
_aDLC _cCarP _dDLC _dBD-RjUL _beng |
||
| 041 | _aeng | ||
| 082 | 0 | 0 |
_a338.4 _bMAE 1948 |
| 100 | 1 |
_aMacGregor, D. H. _q(David Hutchison), _d1877- _946292 |
|
| 245 | 1 | 4 |
_aThe evolution of industry / _cMacGregor, D. H. |
| 250 | _a2d ed. | ||
| 260 |
_aLondon ; _aNew York : _bOxford University Press, _c1948 |
||
| 300 |
_a256 p. ; _c17 cm. |
||
| 650 | 0 |
_aIndustries. _946293 |
|
| 650 | 0 |
_aIndustries _xHistory. _97665 |
|
| 651 | 0 |
_aGreat Britain _xEconomic conditions. _946294 |
|
| 942 |
_2ddc _cBK |
||
| 999 |
_c14873 _d14873 |
||